| 000 | 03017nas a22002897a 4500 | ||
|---|---|---|---|
| 003 | NALT | ||
| 005 | 20250610152833.0 | ||
| 006 | a|||p|r|||| 00| 0 | ||
| 007 | ta | ||
| 008 | 250610b th |||p| |||| 00| 0 tha d | ||
| 040 | _aNALT | ||
| 245 | 0 | 0 | _aดุลพาห ปีที่ 10 เล่ม 7-12 (กรกฎาคม-ธันวาคม พ.ศ. 2506) |
| 260 | _aศรีวิกรมมาทิตย์ | ||
| 310 | _aรายเดือน | ||
| 500 | _aวารสารเย็บเล่ม | ||
| 505 | 2 | _aปีที่ 10 เล่ม 7 ก.ค. 2506 -- ประมวลกฎหมายอาญามาตรา 289 (6) -- การอุทธรณ์คำสั่งศาลตาม ป.ว.พ. มาตรา 18 -- ดอกเบี้ยซ้อน -- สันติภาพตามวิถีทางแห่งกฎหมาย -- ข้อคิดเห็นในการปรับปรุงแก้ไขประมวลกฎหมายวิธีพิจารณาความแพ่ง. | |
| 505 | 2 | _aปีที่ 10 เล่ม 8 ส.ค. 2506 -- ก.ต. ของฝรั่งเศส -- การบังคับชำระหนี้ตามหลักกฎหมายอเมริกัน -- จะพัฒนาเด็กอย่างไร. | |
| 505 | 2 | _aปีที่ 10 เล่ม 9 ก.ย. 2506 -- รากไม้กิ่งไม้รุกล้ำที่สาธารณะ -- ความเที่ยงธรรมตามระบบจารีตประเพณี และระบบประมวล -- เด็กและเยาวชนที่สังคมลืม -- แนวคามคิด ในการตั้งศาลครอบครัว. | |
| 505 | 2 | _aปีที่ 10 เล่ม 10 ต.ค. 2506 -- การตีความเอกสาร -- คดีที่ศาลทหารต้องยกฟ้อง แต่ศาลพลเรือนลงโทษได้ -- การนับเวลาของไทย. | |
| 505 | 2 | _aปีที่ 10 เล่ม 11 พ.ย. 2506 -- หลักราชการ -- ลาภมิควรได้ -- ลักษณะพิเศษของศาลคดีเด็กและเยาวชน -- ใครเป็นเจ้าของใต้ถุนโลก -- | |
| 505 | 2 | _aปีที่ 10 เล่ม 12 ธ.ค. 2506 -- ความสำเร็จในชีวิต -- ข้อคิดบางประการเกี่ยวกับการหักวันต้องขังให้แก่อันธพาล. | |
| 650 | 4 |
_aศาลคดีเด็กและเยาวชน _966019 |
|
| 850 | _aNALT | ||
| 866 | _aปีที่ 10 เล่ม 7-12 (กรกฎาคม-ธันวาคม พ.ศ. 2506) | ||
| 942 | _cBOUND | ||
| 996 |
_aaroonthip.c _bLIBSTF _c2025-06-10 |
||
| 999 |
_c106914 _d106914 |
||
| 998 |
_h179 _j179 _k นางสาวอรุณทิพย์ จันทร์ดิษฐ์ |
||